Responses for Show #5891 - Monday, April 5, 2010

Contestants

[<< previous game]

Nancy West, a high school guidance counselor from Las Vegas, Nevada

Brandon Hathaway, a mechanical engineer from Augusta, Georgia

Laura Hughes, a mom from New Market, Maryland (whose 1-day cash winnings total $27,500)

[next game >>]

Jeopardy! Round responses

THE 17th CENTURY
TV SHOWS BY CHARACTERS
AROUND THE WORLD
BEETHOVEN'S
NINTH
"ODE" TO JOY
    $200 1
Stradivarius

Laura
    $200 3
Friends

Brandon
    $200 11
Beijing

Nancy
    $200 12
(Laura: What is the organ?)

the piano

LauraBrandon
    $200 24
Rudolph

Brandon
    $200 17
a rodeo

Brandon
    $400 2
Calcutta

Nancy
    $400 5
Laverne & Shirley

Laura
    $400 13
[laughter as Brandon glances at Nancy]

Las Vegas

Brandon
    $400 21
Bonn

Nancy
    $400 25
(Nancy: What is level of hell?)
(Alex: Mm, no.)
(Nancy: [*]?)
(Alex: That's it. [*]. Good. And you got it in before the time-up.)

circle of hell

Nancy
    $400 18
yodeling

Laura
    $600 4
cells

Nancy
    $600 8
Dallas

Laura
    $600 14
Notre Dame

Laura
    $600 22
Haydn

Brandon
    $600 28
the Meatpacking District

Brandon
    $600 19
(Southern) Rhodesia

Brandon
    $800 6
a barometer

Brandon
    $800 9
Fantasy Island

Brandon
    $800 15
Rio de Janeiro

Brandon
    $2,000 26
Immortal Beloved

Nancy
    $800 29
thy neighbor

Brandon
    $800 20
(Brandon: What is implosion?)
...
(Alex: Quite a few of those in recent years in Las Vegas, yeah.)

implode

BrandonNancy
    $1000 7
Henry Hudson

Laura
    $1000 10
Cold Case

Laura
    $1000 16
(Alex: Yes, that's the skyline of Chicago.)

Lake Michigan

Brandon
    $1000 27
Cologne

Brandon
    $1000 30
Pius

Laura
    $1000 23
electrodes

Brandon

Scores at the first commercial break (after clue 16):

Laura Brandon Nancy
$3,600 $4,200 $1,200

Scores at the end of the Jeopardy! Round:

Laura Brandon Nancy
$5,000 $8,400 $4,800

Double Jeopardy! Round responses

ON THE WARPATH
COSTLY BREAKUPS
ENGINEERING
"G"-MALE
COMPLETES THE POETIC LINE
OTHER 4-LETTER WORDS
    $400 19
the Green Berets

Brandon
    $400 26
Michael Jordan

Brandon
    $400 7
a windmill

Brandon
    $400 6
Yuri Gagarin

Brandon
    $400 1
tree

Nancy
    $400 14
Kind

Nancy
    $800 20
the Persian Gulf War (or Desert Storm)

Brandon
    $800 27
Neil Diamond

Brandon
    $800 8
(William) Mulholland

Laura
    $800 10
(Theodor) Geisel

Nancy
    $800 2
(Alex: Yes, "The Raven".)

nevermore

Laura
    $800 15
a veto

Brandon
    $3,000 21
(Brandon: Who is Red Bull?)
(Alex: No. [Laughing] Who is Red Bull? I love your sense of humor. [*], the famous [*] War.)

Black Hawk

Brandon
    $1200 28
Phil Collins

Brandon
    $1200 9
(Gustave) Eiffel

Nancy
    $1200 11
(Brandon: Who is Goethe?)

Günter Grass

LauraBrandon
    $1200 3
dead

Brandon
    $1200 16
(Nancy: What is a gasp?)

an aura

Nancy
Triple Stumper
    $1600 22
(Alex: Yes. It was later revoked.)

the Distinguished Service Cross

Brandon
    $1600 29
(Alex: And that was Amy Irving, divorced from [*].)

Steven Spielberg

Triple Stumper
    $1600 12
(Alex: And that territory, at the time not a state, was [*].)

Alaska

Triple Stumper
    $1600 24
Lindsey Graham

Brandon
    $1600 4
night

Nancy
    $2,000 17
(Brandon: ...What is deci-?)

inch

Brandon
    $2000 23
November 11

Brandon
    $2000 30
John Cleese

Brandon
    $2000 13
(Laura: What is Texas?)
(Nancy: What is Alaska?)
(Alex: Remember, we're talking about the early days of oil now--[*]. [*].)

Pennsylvania

LauraNancy
Triple Stumper
    $2000 25
(Alex: Yes, you were a little early with that response awhile ago.)

Goethe

Brandon
    $2000 5
dry

Nancy
    $2000 18
dour

Triple Stumper

Scores at the end of the Double Jeopardy! Round:

Laura Brandon Nancy
$5,800 $17,800 $8,000
(lock game)

[wagering suggestions for these scores]

Final Jeopardy! Round responses

FASHION HISTORY
(Alex: It would have helped you immensely if you knew that piscine was French for swimming pool.)
...
(Alex: Yes. Modeled by a stripper, I believe.)
LauraWhat is the Bikini?
$5,000
NancyWhat is the mini-skirt
$0
BrandonWhat is a bikini
$0
the bikini

Final scores:

Laura Brandon Nancy
$10,800 $17,800 $8,000
2nd place: $2,000 New champion: $17,800 3rd place: $1,000

Game dynamics:

Coryat scores:

Laura Brandon Nancy
$5,800 $22,800 $6,800
11 R,
2 W
29 R,
4 W
(including 2 DDs)
13 R
(including 1 DD),
2 W

Combined Coryat: $35,400

[game clues] [game scores] [suggest correction]

Game tape date: 2010-01-19
The J! Archive is created by fans, for fans. Scraping, republication, monetization, and malicious use prohibited; this site may use cookies and collect identifying information. See terms. The Jeopardy! game show and all elements thereof, including but not limited to copyright and trademark thereto, are the property of Jeopardy Productions, Inc. and are protected under law. This website is not affiliated with, sponsored by, or operated by Jeopardy Productions, Inc. Join the discussion at JBoard.tv.